<?xml version="1.0" encoding="UTF-8"?>
<record
    xmlns:xsi="http://www.w3.org/2001/XMLSchema-instance"
    xsi:schemaLocation="http://www.loc.gov/MARC21/slim http://www.loc.gov/standards/marcxml/schema/MARC21slim.xsd"
    xmlns="http://www.loc.gov/MARC21/slim">

  <leader>02024nam a2200325 i 4500</leader>
  <controlfield tag="003">DO-SdBNP</controlfield>
  <controlfield tag="005">20260429094709.0</controlfield>
  <controlfield tag="007">ta</controlfield>
  <controlfield tag="008">250527b2024    dr ||||| |||| 00| 0 spa d</controlfield>
  <datafield tag="020" ind1=" " ind2=" ">
    <subfield code="a">9789945290547</subfield>
  </datafield>
  <datafield tag="040" ind1=" " ind2=" ">
    <subfield code="a">DO-SdBNP</subfield>
    <subfield code="b">spa</subfield>
    <subfield code="c">BNPHU</subfield>
    <subfield code="e">rda</subfield>
  </datafield>
  <datafield tag="041" ind1=" " ind2=" ">
    <subfield code="a">spa</subfield>
  </datafield>
  <datafield tag="082" ind1=" " ind2="4">
    <subfield code="a">RD861.5 </subfield>
    <subfield code="b">C764h 2024</subfield>
    <subfield code="2">22</subfield>
  </datafield>
  <datafield tag="100" ind1="1" ind2=" ">
    <subfield code="a">Contreras, Marivell</subfield>
    <subfield code="e">autor</subfield>
    <subfield code="4">aut.</subfield>
  </datafield>
  <datafield tag="100" ind1="z" ind2=" ">
    <subfield code="a">C.,  Marivell</subfield>
  </datafield>
  <datafield tag="245" ind1="1" ind2="0">
    <subfield code="a">Hilos del Caribe /</subfield>
    <subfield code="c">Marivell Contreras ; fotograf&#xED;as,  Marivell Contreras.</subfield>
  </datafield>
  <datafield tag="250" ind1=" " ind2=" ">
    <subfield code="a">Primera edici&#xF3;n</subfield>
  </datafield>
  <datafield tag="264" ind1=" " ind2="4">
    <subfield code="a">Santo Domingo, Rep&#xFA;blica Dominicana :</subfield>
    <subfield code="b">Editora B&#xFA;ho,</subfield>
    <subfield code="c">&#xA9;2024.</subfield>
  </datafield>
  <datafield tag="300" ind1=" " ind2=" ">
    <subfield code="a">69 p&#xE1;ginas :</subfield>
    <subfield code="b">ilustraciones</subfield>
    <subfield code="c">23 cm. </subfield>
  </datafield>
  <datafield tag="336" ind1=" " ind2=" ">
    <subfield code="a">texto</subfield>
    <subfield code="b">txt</subfield>
    <subfield code="2">rdacontent </subfield>
  </datafield>
  <datafield tag="337" ind1=" " ind2=" ">
    <subfield code="a">sin mediaci&#xF3;n</subfield>
    <subfield code="b">n</subfield>
    <subfield code="2">rdamedia</subfield>
  </datafield>
  <datafield tag="338" ind1=" " ind2=" ">
    <subfield code="a">volumen</subfield>
    <subfield code="b">nc</subfield>
    <subfield code="2">rdacarrier </subfield>
  </datafield>
  <datafield tag="500" ind1=" " ind2=" ">
    <subfield code="a">Incluye datos biogr&#xE1;ficos del la autora en la solapa de la cubierta</subfield>
  </datafield>
  <datafield tag="505" ind1="0" ind2=" ">
    <subfield code="a">Marivell Mo&#xF1;ito Cabello Malo -- Dagoberto Tejada Ortiz 11 ; Viva todo lo que somos &#x2013; Thina Espaillat 17 -- Y si me trago la luna 21-- Mar&#xED;a Mo&#xF1;ito 22 --  Matando caracolas 24 -- Mi vieja ni&#xF1;a I 26 --  Mi vieja ni&#xF1;a II 27-- No me tires por el pelo 28 -- No me hales el cabellito 29 -- El fracaso del otro 30 -- Afro 32 -- El paj&#xF3;n 34 -- Cabellitos de mar 35 -- Triunfo piloso 36 -- Abrigo del mismo bejuco 37 --  Nuevo d&#xED;a 38 -- Desencuentro 39 --Medusa a la inversa 40 -- Texturas r&#xED;gidas 41 --  &#xBF;Qui&#xE9;n eres? I 43 --  &#xBF; Qui&#xE9;n eres? II 44 -- &#xBF; Qui&#xE9;n eres? III 45 --  &#xBF; Qu&#xE9; hay de malo ? I 46  --&#xBF; Qu&#xE9; hay de malo ? II 47 -- &#xBF; Qu&#xE9; hay de malo ? III 48 --  Mi identidad I 49  -- Mi identidad II 50 -- Mi identidad III 51 -- Mi identidad IV 52 -- Ciguapa 53 --  Almas mutiladas 54 -- Hilos del Mar Caribe 56 --Dragones de mar 58 -- Zargazo trenzado 60 -- Electrizada 62 -- An&#xE9;monas 64 --Di&#xE1;logo Ancestral 65 -- No te sienten 67 -- Pase Rap 68.</subfield>
  </datafield>
  <datafield tag="590" ind1=" " ind2=" ">
    <subfield code="a">Inventariado, 2026 /VM</subfield>
  </datafield>
  <datafield tag="650" ind1=" " ind2="7">
    <subfield code="a">Poes&#xED;a dominicana</subfield>
  </datafield>
  <datafield tag="650" ind1=" " ind2="7">
    <subfield code="a">Literatura dominicana </subfield>
  </datafield>
  <datafield tag="910" ind1=" " ind2=" ">
    <subfield code="a">VMateo V. Control de calidad. BPMSU </subfield>
  </datafield>
  <datafield tag="942" ind1=" " ind2=" ">
    <subfield code="2">ddc</subfield>
    <subfield code="c">BK</subfield>
  </datafield>
  <datafield tag="952" ind1=" " ind2=" ">
    <subfield code="0">0</subfield>
    <subfield code="1">0</subfield>
    <subfield code="2">ddc</subfield>
    <subfield code="4">0</subfield>
    <subfield code="7">0</subfield>
    <subfield code="8">CD</subfield>
    <subfield code="a">BPMET</subfield>
    <subfield code="b">BPMET</subfield>
    <subfield code="d">2026-04-29</subfield>
    <subfield code="l">0</subfield>
    <subfield code="o">BPMSU CD RD861.5  C764h 2024</subfield>
    <subfield code="p">BPMSU26040050</subfield>
    <subfield code="r">2026-04-29</subfield>
    <subfield code="w">2026-04-29</subfield>
    <subfield code="y">BK</subfield>
  </datafield>
  <datafield tag="999" ind1=" " ind2=" ">
    <subfield code="c">15806</subfield>
    <subfield code="d">15806</subfield>
  </datafield>
</record>
